| 000 | 00385nam a2200133Ia 4500 | ||
|---|---|---|---|
| 008 | 220217s9999||||xx |||||||||||||| ||und|| | ||
| 020 | _a978-0-07-064821-0 | ||
| 082 | _a00 5.13 VEN | ||
| 100 |
_aVenugopal, K.R and Chandrakant, N _95786 |
||
| 245 | 0 | _aProblems and solutions C++ | |
| 260 |
_aTata mcgraw hill _bNew Delhi _c2008 |
||
| 300 | _b210 | ||
| 650 | _aPROGRAMMING LANGUAGE | ||
| 999 |
_c177266 _d177266 |
||